| 000 | 00415nam a22001697a 4500 | ||
|---|---|---|---|
| 005 | 20180726141755.0 | ||
| 008 | 160517b xxu||||| |||| 00| 0 eng d | ||
| 020 | _a81-8054-534-4 | ||
| 041 | _aeng | ||
| 082 |
_b2461 _a658.3 |
||
| 100 |
_aPrasad, L.M. _9431 |
||
| 245 | _aOrganisational Behaviour | ||
| 260 |
_aNew Delhi _bSultan Chand & Sons. _c2010 |
||
| 300 | _a694p, | ||
| 650 |
_aManagement _9241 |
||
| 942 | _cBK | ||
| 999 |
_c889 _d889 |
||